000 00630nam a2200241Ia 4500
003 OSt
005 20220918213515.0
006 a|||||r|||| 00| 0
007 ta
008 220917b |||||||| |||| 00| 0 eng d
024 _a133,115
037 _cTextual
040 _aARTS
_cARTS
_beng
041 _2eng
_aeng
082 _aX:93:(B2893), L6
100 _aHusband T M
_9127343
245 0 _aWork analysis and pay structure
260 _aLondon
_bMcgHills
_c1976
300 _axii, 233p.
_ccm.
650 _aECONOMICS
942 _hX:93:(B2893), L6
_cTEXL
_2CC
999 _c256225
_d256225